Холодноломкость углеродистой стали (хрупкость стали при низких температурах); Известия Томского индустриального института [Известия ТИИ]; Т. 58, [Вып. 1-3]
| Parent link: | Известия Томского индустриального института [Известия ТИИ]/ Томский индустриальный институт (ТИИ).— , 1934-1944 Т. 58, [Вып. 1-3].— 1937 |
|---|---|
| 1. Verfasser: | |
| Zusammenfassung: | Заглавие с титульного листа Электронная версия печатной публикации |
| Sprache: | Russisch |
| Veröffentlicht: |
1937
|
| Schlagworte: | |
| Online-Zugang: | Черно-белая версия для предварительного просмотра Цветная версия без потери качества |
| Format: | MixedMaterials Elektronisch Buchkapitel |
| KOHA link: | https://koha.lib.tpu.ru/cgi-bin/koha/opac-detail.pl?biblionumber=182300 |
MARC
| LEADER | 00000nla2a2200000 4500 | ||
|---|---|---|---|
| 001 | 182300 | ||
| 005 | 20231101223700.0 | ||
| 035 | |a (RuTPU)RU\TPU\book\197635 | ||
| 035 | |a RU\TPU\book\197630 | ||
| 090 | |a 182300 | ||
| 100 | |a 20100620d1937 k y0rusy50 ca | ||
| 101 | 0 | |a rus | |
| 102 | |a RU | ||
| 135 | |a drnn ---uucaa | ||
| 181 | 0 | |a i | |
| 182 | 0 | |a b | |
| 200 | 1 | |a Холодноломкость углеродистой стали (хрупкость стали при низких температурах) |b Электронный ресурс |f А. Н. Добровидов | |
| 203 | |a Текст |c электронный | ||
| 215 | |a 2 файла (8.6 Мб, 195 Мб) | ||
| 230 | |a Электронные текстовые данные (2 файла : 8.6 Мб, 195 Мб) | ||
| 300 | |a Заглавие с титульного листа | ||
| 300 | |a Электронная версия печатной публикации | ||
| 320 | |a [Библиогр.: 104 назв.] | ||
| 337 | |a Adobe Reader | ||
| 461 | 1 | |0 (RuTPU)RU\TPU\book\197248 |t Известия Томского индустриального института [Известия ТИИ] |f Томский индустриальный институт (ТИИ) |d 1934-1944 | |
| 463 | 1 | |0 (RuTPU)RU\TPU\book\197634 |t Т. 58, [Вып. 1-3] |d 1937 |p 312 с. | |
| 610 | 1 | |a электронный ресурс | |
| 610 | 1 | |a труды учёных ТПУ | |
| 700 | 1 | |a Добровидов |b А. Н. |c советский инженер-механик |c профессор ТПИ |f 1894-1980 |g Александр Николаевич |2 stltpush |3 (RuTPU)RU\TPU\pers\21863 |9 9200 | |
| 801 | 1 | |a RU |b 63413507 |c 20090320 |g PSBO | |
| 801 | 2 | |a RU |b 63413507 |c 20101125 |g PSBO | |
| 856 | 4 | |u http://www.lib.tpu.ru/fulltext/v/Bulletin_TPU/1937/v58/a1_bw.pdf |z Черно-белая версия для предварительного просмотра | |
| 856 | 4 | |u http://www.lib.tpu.ru/fulltext/v/Bulletin_TPU/1937/v58/a1_full.pdf |z Цветная версия без потери качества | |
| 942 | |c CF | ||